[Event "Florianopolis op 3rd"]
[Site "Florianopolis"]
[Date "2017.01.25"]
[Round "9"]
[White "Takeda, Lucas Koji"]
[Black "Ferreira, Rodrigo Maycon Mira"]
[Result "1-0"]
[WhiteElo "2019"]
[BlackElo "1889"]
[PlyCount "71"]
[EventDate "2017.01.20"]
[EventType "swiss"]
[EventRounds "10"]
[EventCountry "BRA"]
[SourceTitle "CBM 176 Extra"]
[Source "ChessBase"]
[SourceDate "2017.03.02"]
[SourceVersion "1"]
[SourceVersionDate "2017.03.02"]
[SourceQuality "1"]

1. d4 Nf6 2. c4 e5 3. dxe5 Ng4 4. Nf3 Bc5 5. e3 Nc6 6. Nc3 0-0 7. Be2 Ngxe5 8. Nxe5 Nxe5 9. 0-0 d6 10. Na4 Be6 11. Nxc5 dxc5 12. Qc2 Qf6 13. b3 Qg6 14. Qxg6 hxg6 15. Bb2 Nd7 16. Bf3 c6 17. Rfd1 Rfc8 18. Rd6 Nb8 19. h3 a5 20. a4 Na6 21. Rad1 Nc7 22. Bg4 Bxg4 23. hxg4 Ne6 24. Rd7 b5 25. Be5 g5 26. axb5 cxb5 27. cxb5 Rd8 28. b6 Rxd7 29. Rxd7 c4 30. b7 Re8 31. b8Q Rxb8 32. Bxb8 cxb3 33. Rb7 a4 34. Bd6 f6 35. Rb4 Kf7 36. Rxa4 1-0

[Event "Florianopolis op 3rd"]
[Site "Florianopolis"]
[Date "2017.01.23"]
[Round "6"]
[White "Melo, Sergio Roberto Samp"]
[Black "Takeda, Lucas Koji"]
[Result "1/2-1/2"]
[WhiteElo "1750"]
[BlackElo "2019"]
[PlyCount "94"]
[EventDate "2017.01.20"]
[EventType "swiss"]
[EventRounds "10"]
[EventCountry "BRA"]
[SourceTitle "CBM 176 Extra"]
[Source "ChessBase"]
[SourceDate "2017.03.02"]
[SourceVersion "1"]
[SourceVersionDate "2017.03.02"]
[SourceQuality "1"]

1. Nf3 Nf6 2. b3 g6 3. Bb2 Bg7 4. g3 0-0 5. Bg2 d6 6. 0-0 c5 7. c4 Nc6 8. d3 Bd7 9. Nc3 a6 10. e3 Rb8 11. d4 cxd4 12. Nxd4 Nxd4 13. Qxd4 b5 14. cxb5 axb5 15. Nd5 b4 16. Qd2 Nxd5 17. Bxg7 Kxg7 18. Bxd5 Qb6 19. Rac1 Rfc8 20. Rxc8 Rxc8 21. Rc1 Rxc1+ 22. Qxc1 Qa5 23. Qb2+ f6 24. Qd2 Qc5 25. Kf1 Bb5+ 26. Ke1 Qc8 27. Bg2 Qf5 28. f3 Qb1+ 29. Kf2 Bd3 30. e4 Bc2 31. Qxb4 Qxa2 32. Qd2 Bxb3 33. Qxa2 Bxa2 34. Ke3 Kf7 35. Kd4 e5+ 36. Ke3 d5 37. exd5 Bxd5 38. Bf1 Ke6 39. Bd3 Kd6 40. f4 Kc5 41. h4 Kd6 42. h5 Bf7 43. g4 gxh5 44. gxh5 h6 45. Bg6 Ke7 46. fxe5 fxe5 47. Ke4 Bxg6+ 1/2-1/2

[Event "Sao Paulo op-B U2050 4th"]
[Site "Sao Paulo"]
[Date "2016.03.26"]
[Round "4"]
[White "Wieth, Kelvin Eduardo"]
[Black "Takeda, Lucas Koji"]
[Result "0-1"]
[WhiteElo "1996"]
[BlackElo "1972"]
[PlyCount "98"]
[EventDate "2016.03.24"]
[EventType "swiss"]
[EventRounds "7"]
[EventCountry "BRA"]
[SourceTitle "CBM 171 Extra"]
[Source "ChessBase"]
[SourceDate "2016.04.26"]
[SourceVersion "1"]
[SourceVersionDate "2016.04.26"]
[SourceQuality "1"]

1. e4 c5 2. c3 g6 3. d4 cxd4 4. cxd4 d5 5. e5 Nc6 6. Nc3 Bg7 7. Be3 Nh6 8. Bd3 Nf5 9. Nf3 0-0 10. 0-0 f6 11. exf6 Bxf6 12. Qb3 e6 13. Bxf5 gxf5 14. Rad1 Na5 15. Qc2 Bd7 16. Ne5 b5 17. Bh6 Re8 18. Qd3 Re7 19. b3 Qe8 20. Qh3 b4 21. Ne2 Bb5 22. Rfe1 Bxe2 23. Rxe2 Nc6 24. Re3 Kh8 25. f4 Nxe5 26. fxe5 Bg7 27. Bg5 Rc7 28. Qh4 Rac8 29. Rh3 Qg6 30. Rdd3 Rc3 31. Rxc3 bxc3 32. Bc1 f4 33. Qxf4 Qb1 34. Rf3 Rf8 35. Qg5 Rxf3 36. gxf3 h6 37. Qe3 c2 38. Kf2 Qxa2 39. Ke2 Bf8 40. f4 Ba3 41. f5 Bxc1 42. Qxc1 Kh7 43. fxe6 Qxb3 44. e7 Qb1 45. Kd2 Qb4+ 46. Kxc2 Qxe7 47. Kd3 Qd7 48. Qb2 Qh3+ 49. Kc2 Qxh2+ 0-1

[Event "Florianopolis op"]
[Site "Florianopolis"]
[Date "2015.01.18"]
[Round "10"]
[White "Takeda, Lucas Koji"]
[Black "Lazzarotto, Marcio"]
[Result "1/2-1/2"]
[WhiteElo "1903"]
[BlackElo "2035"]
[PlyCount "38"]
[EventDate "2015.01.14"]
[EventType "swiss"]
[EventRounds "10"]
[EventCountry "BRA"]
[SourceTitle "CBM 164 Extra"]
[Source "ChessBase"]
[SourceDate "2015.03.02"]
[SourceVersion "1"]
[SourceVersionDate "2015.03.02"]
[SourceQuality "1"]

1. d4 c5 2. d5 f5 3. c4 Nf6 4. Nc3 g6 5. g3 d6 6. Bg2 Bg7 7. Nh3 Na6 8. Nf4 Nc7 9. h4 Rb8 10. a4 e5 11. dxe6 Nxe6 12. h5 Kf7 13. Nb5 Ne8 14. hxg6+ hxg6 15. Rxh8 Bxh8 16. e4 a6 17. Nc3 Bxc3+ 18. bxc3 Nxf4 19. Bxf4 Qf6 1/2-1/2

[Event "Florianopolis op"]
[Site "Florianopolis"]
[Date "2015.01.16"]
[Round "6"]
[White "Borges, Victor Hugo Moreira"]
[Black "Takeda, Lucas Koji"]
[Result "1-0"]
[WhiteElo "2143"]
[BlackElo "1903"]
[PlyCount "85"]
[EventDate "2015.01.14"]
[EventType "swiss"]
[EventRounds "10"]
[EventCountry "BRA"]
[SourceTitle "CBM 164 Extra"]
[Source "ChessBase"]
[SourceDate "2015.03.02"]
[SourceVersion "1"]
[SourceVersionDate "2015.03.02"]
[SourceQuality "1"]

1. e4 c5 2. Nf3 e6 3. d4 cxd4 4. Nxd4 Nf6 5. Nc3 d6 6. Be3 Be7 7. g4 a6 8. g5 Nfd7 9. h4 Qc7 10. Qh5 Ne5 11. f4 Nc4 12. Bxc4 Qxc4 13. 0-0-0 b5 14. a3 Nc6 15. f5 b4 16. axb4 Nxb4 17. fxe6 Bxe6 18. Nf5 Bxf5 19. exf5 Na2+ 20. Nxa2 Qxa2 21. Bd4 Qa1+ 22. Kd2 Qa5+ 23. c3 Rb8 24. b4 Qxf5 25. Rde1 Qd5 26. Qe2 Rb7 27. Qe4 Qxe4 28. Rxe4 0-0 29. Rhe1 Bd8 30. Ra1 f6 31. gxf6 Bxf6 32. Rxa6 Bxd4 33. Rxd4 Rf2+ 34. Ke3 Rc2 35. Kd3 Rh2 36. Raxd6 h6 37. Rc6 Kf7 38. Kc4 Rc2 39. h5 Ra7 40. Kb3 Raa2 41. Rd7+ Kg8 42. Rc8+ Kh7 43. Rdd8 1-0

[Event "Florianopolis op"]
[Site "Florianopolis"]
[Date "2015.01.14"]
[Round "2"]
[White "Godoy Olazabal, Arturo"]
[Black "Takeda, Lucas Koji"]
[Result "1/2-1/2"]
[WhiteElo "2198"]
[BlackElo "1903"]
[PlyCount "62"]
[EventDate "2015.01.14"]
[EventType "swiss"]
[EventRounds "10"]
[EventCountry "BRA"]
[SourceTitle "CBM 164 Extra"]
[Source "ChessBase"]
[SourceDate "2015.03.02"]
[SourceVersion "1"]
[SourceVersionDate "2015.03.02"]
[SourceQuality "1"]

1. e4 c5 2. Nf3 a6 3. Nc3 e6 4. Be2 Qc7 5. 0-0 b5 6. d4 cxd4 7. Nxd4 d6 8. f4 Bb7 9. Bf3 Nf6 10. Qe2 b4 11. Nd1 Nbd7 12. c4 Be7 13. Nf2 0-0 14. g4 Nb6 15. b3 d5 16. cxd5 exd5 17. e5 Bc5 18. Bb2 Ne4 19. Rac1 Rac8 20. Kg2 Qd7 21. Rc2 Rc7 22. Nxe4 dxe4 23. Bxe4 Bxd4 24. Rxc7 Bxe4+ 25. Qxe4 Qxg4+ 26. Kh1 Bxb2 27. Rc6 Nd7 28. Rg1 Qh3 29. Rg3 Qf1+ 30. Rg1 Qh3 31. Rg3 Qf1+ 1/2-1/2

[Event "Sao Paulo Hebraica op 19th"]
[Site "Sao Paulo"]
[Date "2015.01.11"]
[Round "5"]
[White "Silvestre, Gilmar Severino"]
[Black "Takeda, Lucas Koji"]
[Result "0-1"]
[WhiteElo "1620"]
[BlackElo "1903"]
[PlyCount "75"]
[EventDate "2015.01.08"]
[EventType "swiss"]
[EventRounds "6"]
[EventCountry "BRA"]
[SourceTitle "CBM 164 Extra"]
[Source "ChessBase"]
[SourceDate "2015.03.02"]
[SourceVersion "1"]
[SourceVersionDate "2015.03.02"]
[SourceQuality "1"]

1. d4 Nf6 2. c4 e6 3. Nf3 b6 4. Bg5 Ba6 5. Qc2 Be7 6. e3 c6 7. Bd3 h6 8. Bh4 0-0 9. Nbd2 d5 10. Ne5 Nfd7 11. Bxe7 Qxe7 12. Nxd7 Nxd7 13. 0-0 Rac8 14. Qa4 Bxc4 15. Bxc4 dxc4 16. Qxc4 c5 17. Rac1 Nf6 18. Nb3 Ne4 19. Qc2 Qb7 20. f3 Nf6 21. dxc5 bxc5 22. Rfd1 Nd5 23. Qe4 c4 24. Rxc4 Rxc4 25. Qxc4 Nxe3 26. Qe2 Nxd1 27. Qxd1 Qb6+ 28. Kf1 Rd8 29. Qe2 a5 30. Qc4 Qe3 31. Qe2 Qg5 32. Qc4 Qe5 33. Qe2 Qxh2 34. Nxa5 Qh1+ 35. Kf2 Rd1 36. Kg3 Rd5 37. Nc4 Rg5+ 38. Kf2 0-1

[Event "Sao Paulo Hebraica op 19th"]
[Site "Sao Paulo"]
[Date "2015.01.11"]
[Round "6"]
[White "Takeda, Lucas Koji"]
[Black "Brocco, Demetrio Patez"]
[Result "1-0"]
[WhiteElo "1903"]
[BlackElo "1849"]
[PlyCount "119"]
[EventDate "2015.01.08"]
[EventType "swiss"]
[EventRounds "6"]
[EventCountry "BRA"]
[SourceTitle "CBM 164 Extra"]
[Source "ChessBase"]
[SourceDate "2015.03.02"]
[SourceVersion "1"]
[SourceVersionDate "2015.03.02"]
[SourceQuality "1"]

1. d4 Nf6 2. c4 c5 3. d5 e6 4. Nc3 exd5 5. cxd5 d6 6. e4 g6 7. Bd3 Bg7 8. h3 0-0 9. Nf3 Re8 10. 0-0 a6 11. a4 Nbd7 12. Bf4 Qc7 13. Re1 b6 14. Bh2 c4 15. Bc2 Rb8 16. Nd4 Bb7 17. Nc6 Bxc6 18. dxc6 Qxc6 19. Qxd6 Qxd6 20. Bxd6 Rb7 21. e5 Nh5 22. Be4 Ra7 23. Bc6 Re6 24. Bd5 Re8 25. e6 fxe6 26. Bxe6+ Rxe6 27. Rxe6 Rb7 28. Rae1 Nhf6 29. g4 g5 30. Be5 Nc5 31. Bxf6 Nxe6 32. Rxe6 Kf7 33. Bxg7 Kxe6 34. Bh6 b5 35. axb5 axb5 36. Bxg5 b4 37. Ne4 Ke5 38. f3 Ra7 39. Kg2 Ra6 40. Kg3 h6 41. Bd2 Rb6 42. h4 Kd4 43. h5 Kd3 44. Bf4 Kc2 45. Be5 Rc6 46. Kf4 Ra6 47. g5 hxg5+ 48. Kxg5 Ra5 49. f4 Kd3 50. Kf5 Ra7 51. h6 Rh7 52. Nf2+ Kc2 53. Ng4 c3 54. Bxc3 bxc3 55. bxc3 Kxc3 56. Kg6 Ra7 57. h7 Ra6+ 58. Nf6 Ra8 59. Ng8 Ra6+ 60. Kg5 1-0

[Event "Sao Paulo Hebraica op 19th"]
[Site "Sao Paulo"]
[Date "2015.01.10"]
[Round "4"]
[White "Takeda, Lucas Koji"]
[Black "Deus Filho, Joaquim"]
[Result "0-1"]
[WhiteElo "1903"]
[BlackElo "2009"]
[PlyCount "50"]
[EventDate "2015.01.08"]
[EventType "swiss"]
[EventRounds "6"]
[EventCountry "BRA"]
[SourceTitle "CBM 164 Extra"]
[Source "ChessBase"]
[SourceDate "2015.03.02"]
[SourceVersion "1"]
[SourceVersionDate "2015.03.02"]
[SourceQuality "1"]

1. d4 Nf6 2. c4 g6 3. Nc3 Bg7 4. e4 d6 5. Be2 0-0 6. h4 h5 7. Nh3 c5 8. d5 a6 9. Ng5 Nbd7 10. f3 Ne5 11. Be3 Rb8 12. a4 b6 13. Qd2 Bd7 14. g4 Qc8 15. 0-0-0 b5 16. axb5 axb5 17. Nxb5 Nxc4 18. Bxc4 Bxb5 19. Bxb5 Rxb5 20. e5 Qa6 21. Qc3 Nxg4 22. fxg4 Bxe5 23. Qa3 Bxb2+ 24. Qxb2 Rxb2 25. Kxb2 Rb8+ 0-1

[Event "South America-ch U16 11th"]
[Site "Montevideo"]
[Date "2014.09.14"]
[Round "9"]
[White "Takeda, Lucas Koji"]
[Black "Izquierdo, Martin"]
[Result "1-0"]
[WhiteElo "2036"]
[BlackElo "1692"]
[PlyCount "79"]
[EventDate "2014.09.08"]
[EventType "swiss"]
[EventRounds "9"]
[EventCountry "URU"]
[SourceTitle "EXT 2016"]
[Source "ChessBase"]
[SourceDate "2015.10.08"]
[SourceVersion "1"]
[SourceVersionDate "2015.10.08"]
[SourceQuality "1"]

1. d4 Nf6 2. c4 g6 3. Nc3 Bg7 4. e4 0-0 5. Nf3 d6 6. Be2 Nc6 7. 0-0 e5 8. d5 Ne7 9. b4 Nd7 10. Ba3 f5 11. Nd2 Nf6 12. f3 Bd7 13. c5 a6 14. Qb3 Nh5 15. Nc4 Qb8 16. b5 Bxb5 17. Nxb5 axb5 18. Qxb5 Nf4 19. Rf2 Nc8 20. Rb1 Ra7 21. Bf1 Rf7 22. g3 Nh5 23. Qe8+ Rf8 24. Qe6+ Kh8 25. cxd6 cxd6 26. Bxd6 Nxd6 27. Nxd6 Nf6 28. Nf7+ Kg8 29. Nxe5+ Kh8 30. Nc6 Qa8 31. Nxa7 Qxa7 32. e5 Ne8 33. Qe7 Kg8 34. Rxb7 Qd4 35. Qe6+ Kh8 36. Rf7 Rxf7 37. Qxf7 Qxe5 38. Re2 Qd4+ 39. Kg2 Nf6 40. Re8+ 1-0

[Event "South America-ch U16 11th"]
[Site "Montevideo"]
[Date "2014.09.09"]
[Round "2"]
[White "Noboa Silva, Kevin Omar"]
[Black "Takeda, Lucas Koji"]
[Result "1-0"]
[WhiteElo "1712"]
[BlackElo "2036"]
[PlyCount "99"]
[EventDate "2014.09.08"]
[EventType "swiss"]
[EventRounds "9"]
[EventCountry "URU"]
[SourceTitle "EXT 2016"]
[Source "ChessBase"]
[SourceDate "2015.10.08"]
[SourceVersion "1"]
[SourceVersionDate "2015.10.08"]
[SourceQuality "1"]

1. e4 c5 2. Nf3 e6 3. c3 Nf6 4. e5 Nd5 5. d4 cxd4 6. cxd4 Nc6 7. Bc4 d6 8. 0-0 Be7 9. Qe2 0-0 10. Rd1 Nb6 11. exd6 Qxd6 12. Bb3 Bf6 13. Nc3 Qb4 14. Bc2 g6 15. a3 Qe7 16. Ne4 Bg7 17. Bg5 f6 18. Bh4 Nd5 19. Bg3 Rd8 20. Nc3 a6 21. Bb3 Kf7 22. Re1 b5 23. Ne4 Na5 24. Ba2 Nc4 25. Bxc4 bxc4 26. Qxc4 Bd7 27. Bd6 Qe8 28. Bc7 Bb5 29. Qc1 Rac8 30. Bxd8 Rxc1 31. Nd6+ Kf8 32. Nxe8 Rxa1 33. Rxa1 Kxe8 34. Ba5 Nf4 35. Bd2 Ne2+ 36. Kh1 f5 37. Bc3 Kd7 38. a4 Bc6 39. Ne5+ Bxe5 40. dxe5 Nf4 41. f3 g5 42. Kg1 g4 43. fxg4 Nxg2 44. Rd1+ Ke7 45. Bb4+ Kf7 46. Rd6 Be4 47. gxf5 exf5 48. Rf6+ Kg7 49. Bf8+ Kg8 50. Bh6 1-0

[Event "Sao Bernardo do Campo LXSBC op"]
[Site "Sao Bernardo do Campo"]
[Date "2014.07.26"]
[Round "4"]
[White "Batista, Renato Luiz"]
[Black "Takeda, Lucas Koji"]
[Result "1/2-1/2"]
[WhiteElo "2127"]
[BlackElo "2036"]
[PlyCount "76"]
[EventDate "2014.07.25"]
[EventType "swiss"]
[EventRounds "6"]
[EventCountry "BRA"]
[SourceTitle "EXT 2016"]
[Source "ChessBase"]
[SourceDate "2015.10.08"]
[SourceVersion "1"]
[SourceVersionDate "2015.10.08"]
[SourceQuality "1"]

1. e4 c5 2. Nf3 e6 3. d4 cxd4 4. Nxd4 Nf6 5. Nc3 d6 6. g4 Be7 7. g5 Nfd7 8. h4 a6 9. Be3 Qc7 10. f4 b5 11. a3 Bb7 12. Bg2 Nb6 13. f5 e5 14. Nde2 Nc4 15. Bc1 Nd7 16. b3 Ncb6 17. Be3 Rc8 18. Qd2 Nc5 19. 0-0 f6 20. Ra2 0-0 21. Nd5 Nxd5 22. exd5 Qd7 23. Ng3 Kh8 24. Qe2 Qe8 25. Qg4 Rg8 26. g6 h6 27. Qh5 Bf8 28. b4 Na4 29. Ne4 Qd8 30. Nxf6 Qxf6 31. Bg5 Be7 32. Bxf6 Bxf6 33. Qf3 Nc3 34. Raa1 e4 35. Qg4 Bxd5 36. Rad1 Bc4 37. Rxd6 Be5 38. Rxa6 Ne2+ 1/2-1/2

[Event "Pan American-ch U16"]
[Site "Oaxtepec"]
[Date "2014.07.12"]
[Round "3"]
[White "Fernandez de La Vara, Arnaldo"]
[Black "Takeda, Lucas Koji"]
[Result "1/2-1/2"]
[WhiteElo "2315"]
[BlackElo "2036"]
[PlyCount "57"]
[EventDate "2014.07.11"]
[EventType "swiss"]
[EventRounds "9"]
[EventCountry "MEX"]
[SourceTitle "EXT 2022"]
[Source "ChessBase"]
[SourceDate "2021.10.06"]
[SourceVersion "1"]
[SourceVersionDate "2021.10.06"]
[SourceQuality "1"]

1. e4 c5 2. Nf3 e6 3. d4 cxd4 4. Nxd4 Nf6 5. Nc3 Bb4 6. e5 Nd5 7. Bd2 Nxc3 8. bxc3 Be7 9. Qg4 0-0 10. Bh6 g6 11. Bxf8 Bxf8 12. h4 Qa5 13. Qg3 Bg7 14. Be2 Qxe5 15. Qd3 Nc6 16. Rd1 d5 17. 0-0 Bd7 18. Rfe1 Qf6 19. Qg3 Rc8 20. Nb5 Na5 21. Nxa7 Rxc3 22. Qd6 Bc6 23. Qb4 Nc4 24. Nxc6 bxc6 25. Bd3 Bf8 26. Qb8 Qxh4 27. Rb1 Kg7 28. Bxc4 Rxc4 29. Qe5+ 1/2-1/2

[Event "BRA-ch U16"]
[Site "Tres Rios"]
[Date "2014.05.09"]
[Round "3.2"]
[White "Lage, Pedro Ferreira"]
[Black "Takeda, Lucas Koji"]
[Result "1/2-1/2"]
[WhiteElo "1731"]
[BlackElo "2025"]
[PlyCount "99"]
[EventDate "2014.05.08"]
[EventType "swiss"]
[EventRounds "6"]
[EventCountry "BRA"]
[SourceTitle "EXT 2022"]
[Source "ChessBase"]
[SourceDate "2021.10.06"]
[SourceVersion "1"]
[SourceVersionDate "2021.10.06"]
[SourceQuality "1"]

1. Nf3 g6 2. c4 Bg7 3. Nc3 e5 4. g3 Nc6 5. Bg2 d6 6. 0-0 f5 7. d3 Nf6 8. a3 a5 9. Rb1 0-0 10. b4 axb4 11. axb4 h6 12. Qc2 g5 13. b5 Ne7 14. Bb2 Qe8 15. Ra1 Rb8 16. Ra7 Qh5 17. Ba3 f4 18. b6 c5 19. Ne4 Nxe4 20. dxe4 g4 21. Nd2 Nc6 22. Ra4 Nd4 23. Qd1 f3 24. exf3 gxf3 25. Re1 Ne2+ 26. Rxe2 fxe2 27. Qe1 Bh3 28. Bxh3 Qxh3 29. Qxe2 Ra8 30. Rxa8 Rxa8 31. Bc1 Ra6 32. Nf1 Rxb6 33. Ne3 Qe6 34. Nd5 Rc6 35. Qh5 Qf7 36. Qh4 Kh7 37. Ne7 Ra6 38. Kg2 Qf6 39. Qxf6 Bxf6 40. Nd5 Bd8 41. h4 Ra4 42. Ne3 Rb4 43. Bd2 Rb2 44. Bc3 Rb3 45. Bd2 b5 46. cxb5 Rxb5 47. Nf5 Bc7 48. Bxh6 c4 49. Bd2 Ba5 50. Nxd6 1/2-1/2

[Event "Bairro op"]
[Site "Bairro Buritizal"]
[Date "2014.04.12"]
[Round "3"]
[White "Takeda, Lucas Koji"]
[Black "Tsuboi, Edson Kenji"]
[Result "1-0"]
[WhiteElo "2025"]
[BlackElo "2256"]
[PlyCount "77"]
[EventDate "2014.04.11"]
[EventType "swiss"]
[EventRounds "6"]
[EventCountry "BRA"]
[SourceTitle "CBM 160 Extra"]
[Source "ChessBase"]
[SourceDate "2014.07.01"]
[SourceVersion "1"]
[SourceVersionDate "2014.07.01"]
[SourceQuality "1"]

1. d4 Nf6 2. c4 e6 3. Nc3 Bb4 4. f3 Nc6 5. a3 Bxc3+ 6. bxc3 Nh5 7. Be3 f5 8. Qd2 0-0 9. Bf2 Na5 10. Qa2 b6 11. e3 Ba6 12. Be2 Qe7 13. Nh3 d5 14. cxd5 Bxe2 15. Kxe2 exd5 16. Qxd5+ Kh8 17. Rhe1 Rad8 18. Qa2 Qd6 19. Ng5 Rd7 20. g3 h6 21. Nh3 Qc6 22. Qc2 Nc4 23. Ng1 Ne5 24. Qb3 Nc4 25. Rad1 Nf6 26. Kf1 Nd5 27. Rd3 Re7 28. Kg2 Rfe8 29. e4 fxe4 30. fxe4 Rxe4 31. Rxe4 Rxe4 32. Nf3 Re2 33. Kf1 Rb2 34. Qd1 Qb5 35. a4 Nde3+ 36. Bxe3 Nxe3+ 37. Kg1 Qe8 38. Qe1 Qe6 39. Rxe3 1-0

[Event "Bairro op"]
[Site "Bairro Buritizal"]
[Date "2014.04.11"]
[Round "2"]
[White "Pinto, Ana Vitoria de Jesu"]
[Black "Takeda, Lucas Koji"]
[Result "0-1"]
[WhiteElo "1640"]
[BlackElo "2025"]
[PlyCount "66"]
[EventDate "2014.04.11"]
[EventType "swiss"]
[EventRounds "6"]
[EventCountry "BRA"]
[SourceTitle "CBM 160 Extra"]
[Source "ChessBase"]
[SourceDate "2014.07.01"]
[SourceVersion "1"]
[SourceVersionDate "2014.07.01"]
[SourceQuality "1"]

1. e4 c5 2. Nf3 e6 3. d4 cxd4 4. Nxd4 Nf6 5. Nc3 d6 6. Be3 Be7 7. f3 a6 8. Qd2 0-0 9. g4 b5 10. 0-0-0 Bb7 11. h4 Nfd7 12. g5 Nc5 13. h5 b4 14. Nce2 Bxe4 15. fxe4 Nxe4 16. Qxb4 Bxg5 17. Qb7 Bxe3+ 18. Kb1 Nf2 19. Qxa8 Nxd1 20. Qf3 Qb6 21. Nb3 Bh6 22. Ned4 Ne3 23. Bd3 Nd7 24. Qc6 Qxc6 25. Nxc6 Nb8 26. Nxb8 Rxb8 27. Bxa6 f5 28. Nd4 Kf8 29. b3 e5 30. Nf3 e4 31. Nd4 f4 32. a4 f3 33. Bb5 Bf4 0-1

[Event "BRA-ch Amateur"]
[Site "Sao Paulo"]
[Date "2014.03.04"]
[Round "7"]
[White "Takeda, Lucas Koji"]
[Black "Saito, Vinicius Ikezu"]
[Result "1/2-1/2"]
[WhiteElo "2015"]
[BlackElo "2080"]
[PlyCount "29"]
[EventDate "2014.03.01"]
[EventType "swiss"]
[EventRounds "7"]
[EventCountry "BRA"]
[SourceTitle "EXT 2016"]
[Source "ChessBase"]
[SourceDate "2015.10.08"]
[SourceVersion "1"]
[SourceVersionDate "2015.10.08"]
[SourceQuality "1"]

1. d4 Nf6 2. c4 g6 3. Nc3 Bg7 4. e4 d6 5. f3 0-0 6. Be3 Nc6 7. Nge2 a6 8. Qd2 Rb8 9. Nc1 e5 10. d5 Nd4 11. N3e2 Nxe2 12. Bxe2 c6 13. dxc6 bxc6 14. Nb3 Be6 15. Rd1 1/2-1/2

[Event "BRA-ch Amateur"]
[Site "Sao Paulo"]
[Date "2014.03.03"]
[Round "5"]
[White "Takeda, Lucas Koji"]
[Black "Nery Junior, Jose Antonio"]
[Result "0-1"]
[WhiteElo "2015"]
[BlackElo "2071"]
[PlyCount "72"]
[EventDate "2014.03.01"]
[EventType "swiss"]
[EventRounds "7"]
[EventCountry "BRA"]
[SourceTitle "EXT 2016"]
[Source "ChessBase"]
[SourceDate "2015.10.08"]
[SourceVersion "1"]
[SourceVersionDate "2015.10.08"]
[SourceQuality "1"]

1. d4 Nf6 2. c4 e6 3. Nc3 Bb4 4. f3 d5 5. a3 Bxc3+ 6. bxc3 c5 7. cxd5 exd5 8. dxc5 Qa5 9. e3 0-0 10. Ne2 Re8 11. Kf2 Nc6 12. g3 Qxc5 13. Bg2 Bf5 14. Nd4 Bg6 15. Nxc6 Qxc3 16. Qd4 Qxc6 17. g4 Rac8 18. Ra2 Qe6 19. h4 Rc4 20. Qd1 d4 21. Re2 d3 22. Rb2 Rec8 23. h5 Rxc1 24. Qxc1 Rxc1 25. Rxc1 Be4 26. fxe4 Nxg4+ 27. Kf3 Ne5+ 28. Kf2 h6 29. Rxb7 d2 30. Rd1 Qf6+ 31. Kg1 Nc4 32. Rb4 Qc3 33. Rb8+ Kh7 34. Rd8 Qxe3+ 35. Kh2 Qe2 36. e5 Qxe5+ 0-1

[Event "BRA-ch Amateur"]
[Site "Sao Paulo"]
[Date "2014.03.01"]
[Round "1"]
[White "Takeda, Lucas Koji"]
[Black "Pereira, Armando Scharlau"]
[Result "1-0"]
[WhiteElo "2015"]
[BlackElo "1740"]
[PlyCount "76"]
[EventDate "2014.03.01"]
[EventType "swiss"]
[EventRounds "7"]
[EventCountry "BRA"]
[SourceTitle "EXT 2016"]
[Source "ChessBase"]
[SourceDate "2015.10.08"]
[SourceVersion "1"]
[SourceVersionDate "2015.10.08"]
[SourceQuality "1"]

1. d4 Nf6 2. c4 e6 3. Nc3 d5 4. Bg5 Be7 5. cxd5 Nxd5 6. Bxe7 Qxe7 7. e4 Nxc3 8. bxc3 0-0 9. Nf3 c5 10. Bd3 cxd4 11. cxd4 Qb4+ 12. Qd2 Qxd2+ 13. Kxd2 Nc6 14. Rhc1 Rd8 15. Ke3 Bd7 16. Rab1 Rab8 17. Bb5 f6 18. Bc4 Kf8 19. d5 Na5 20. dxe6 Nxc4+ 21. Rxc4 Bxe6 22. Ra4 a6 23. Nd4 Rd6 24. Nxe6+ Rxe6 25. Rab4 b6 26. Kf4 Ke7 27. f3 Rc6 28. R1b2 Kd7 29. h4 b5 30. a4 Rc5 31. Ke3 Kd6 32. Rd4+ Kc6 33. axb5+ Rcxb5 34. Rbd2 a5 35. Rd6+ Kc5 36. Ra6 R8b7 37. Ra2 Kb4 38. R6xa5 Rd7 1-0

[Event "Sao Bernardo do Campo LXSBC fin-A 5th"]
[Site "Sao Bernardo do Campo"]
[Date "2014.01.26"]
[Round "8"]
[White "Takeda, Lucas Koji"]
[Black "Garkauskas, Otto Dmitry"]
[Result "1-0"]
[WhiteElo "2000"]
[BlackElo "2132"]
[PlyCount "49"]
[EventDate "2014.01.18"]
[EventType "tourn"]
[EventRounds "9"]
[EventCountry "BRA"]
[SourceTitle "CBM 158 Extra"]
[Source "ChessBase"]
[SourceDate "2014.02.28"]
[SourceVersion "1"]
[SourceVersionDate "2014.02.28"]
[SourceQuality "1"]

1. d4 d5 2. c4 c6 3. Nc3 Nf6 4. Nf3 dxc4 5. a4 Bf5 6. e3 e6 7. Bxc4 Bb4 8. 0-0 0-0 9. Bd2 c5 10. h3 Nc6 11. dxc5 Bxc5 12. Qe2 Na5 13. e4 Nxc4 14. Qxc4 Qc7 15. Be3 Bg6 16. Qxc5 Qb8 17. Qe5 Nxe4 18. Nxe4 Qxe5 19. Nxe5 Bxe4 20. Rac1 f6 21. Nd7 Rfd8 22. Nc5 Bd5 23. Rfd1 Rdc8 24. a5 Kf7 25. Nxb7 1-0

[Event "Sao Paulo Hebraica op 17th"]
[Site "Sao Paulo"]
[Date "2014.01.12"]
[Round "5"]
[White "Garkauskas, Otto Dmitry"]
[Black "Takeda, Lucas Koji"]
[Result "1-0"]
[WhiteElo "2132"]
[BlackElo "2000"]
[PlyCount "84"]
[EventDate "2014.01.09"]
[EventType "swiss"]
[EventRounds "6"]
[EventCountry "BRA"]
[SourceTitle "CBM 158 Extra"]
[Source "ChessBase"]
[SourceDate "2014.02.28"]
[SourceVersion "1"]
[SourceVersionDate "2014.02.28"]
[SourceQuality "1"]

1. d4 Nf6 2. c4 e6 3. Nc3 Bb4 4. e3 0-0 5. Bd3 d5 6. a3 Bd6 7. c5 Be7 8. b4 b6 9. Nf3 c6 10. Ne5 Qc7 11. f4 a5 12. Bd2 bxc5 13. bxc5 Ba6 14. Bxa6 Rxa6 15. 0-0 Nbd7 16. Rb1 Nxe5 17. fxe5 Nd7 18. e4 Nxc5 19. exd5 exd5 20. Qe2 Rb6 21. Rxb6 Qxb6 22. dxc5 Qxc5+ 23. Kh1 Qxa3 24. Qg4 Qb4 25. Qd7 Qc4 26. Nd1 Qb5 27. Ne3 d4 28. Qxd4 Bg5 29. Qe4 Bxe3 30. Rb1 Qxb1+ 31. Qxb1 Bxd2 32. Qc2 Bf4 33. Qe4 Bd2 34. Qc4 Bb4 35. g4 h6 36. h4 Kh7 37. Qe4+ Kg8 38. g5 hxg5 39. hxg5 g6 40. e6 fxe6 41. Qxg6+ Kh8 42. Qh6+ Kg8 1-0